LEADER 00897nam a2200217 4500 001 000000348814 003 CaOOAMICUS 005 20211220114212.0 008 211206s2018 it 000 u ita r 040 $aSeMil$bita 245 00$aOmelie di don Davide . 264 1$a[S.l. :$bs.n.],$cstampa 2018$e(Olgiate Comasco :$f Salin srl) 300 $a150 p. ;$c21 cm 650 4$aMilanesi, Davide Scritti, discorsi, omelie.$0(OLS)http://semarc/subject/51367 700 1 $aMilanesi, Davide,$c.$0(OLS)http://semarc/name/88796 850 $aSeMil 852 $aSeMil$W1$xVenegono$y1$m3F II 1043$j230808$B239909$CSeMilBibl$Z2$F239909 $81 961 $aPontiggia don Virginio - Omaggio 996 $6245$aOmelie di don Davide $9(OLS)http://semarc/title/438292 996 $6264$a[S.l. :$bs.n.]$9(OLS)http://semarc/publisher/29751 LEADER 01388nam a2200289 i 4500 001 000000083041 003 CaOOAMICUS 005 20180503000000.0 008 180503s2013 it u000 u ita u 013 $a55281 020 $a978-88-01-05503-0 040 $aSeMil$bita 100 1 $aTaroni, Massimiliano,$c.$0(OLS)http://semarc/name/82064 245 10$aMons. Carlo Sonzini :$beducatore, Giornalista e fondatore delle Suore Ancelle di San Giuseppe /$cMassimiliano Taroni. 260 $aGorle :$bVelar,$c2013. 260 $aTorino :$bElledici,$c2013. 300 $a47 p. :$bill. ;$c21 cm. 490 0 $aCollana blu "Messaggeri d'amore" protagonisti della fede ;$v334 600 14$aSonzini, Carlo .$0(OLS)http://semarc/subject/1434 830 0$aCollana blu : messaggeri d'amore, protagonisti della fede ;$v334.$0(OLS)http://semarc/title/38058 850 $aSeMil 852 $aSeMil$W1$xVenegono$y1$m5B III 50/16$j47761$B47761$CSeMilBibl$Z2$F50640 $81 961 $aOmaggio: Altro 996 $6020$a978-88-01-05503-0$9(OLS)http://semarc/number/271491 996 $6245$aMons. Carlo Sonzini :$beducatore, Giornalista e fondatore delle Suore Ancelle di San Giuseppe$9(OLS)http://semarc/title/405380 996 $6260$aTorino :$bElledici$9(OLS)http://semarc/publisher/30644 996 $6260$aGorle :$bVelar$9(OLS)http://semarc/publisher/33489